Catálogo
 En Linea

Los Privilegios de la vista : (Registro nro. 41230)

Detalles MARC
000 -CABECERA
campo de control de longitud fija 00827nam a2200229 a 4500
001 - NÚMERO DE CONTROL
campo de control 000041741
005 - FECHA Y HORA DE LA ÚLTIMA TRANSACCIÓN
campo de control 20201002035729.0
008 - DATOS DE LONGITUD FIJA--INFORMACIÓN GENERAL
campo de control de longitud fija 131016s1987 mx a 001 0 spa d
040 ## - FUENTE DE LA CATALOGACIÓN
Centro catalogador/agencia de origen DO-SdBNP
Lengua de catalogación spa
Centro/agencia transcriptor BNPHU
082 ## - NÚMERO DE LA CLASIFICACIÓN DECIMAL DEWEY
Número de clasificación 709.72
Número de documento/Ítem P348p
100 1# - ENTRADA PRINCIPAL--NOMBRE DE PERSONA
Nombre de persona Paz, Octavio
Fechas asociadas al nombre 1914-1998.
9 (RLIN) 8703
245 13 - MENCIÓN DE TÍTULO
Título Los Privilegios de la vista :
Resto del título arte de México /
Mención de responsabilidad, etc. Octavio Paz.
260 ## - PUBLICACIÓN, DISTRIBUCIÓN, ETC.
Lugar de publicación, distribución, etc. México, D. F. :
Nombre del editor, distribuidor, etc. Fondo de Cultura Economica,
Fecha de publicación, distribución, etc. 1987.
300 ## - DESCRIPCIÓN FÍSICA
Extensión 513 p. :
Otras características físicas il. ;
Dimensiones 21 cm.
490 1# - MENCIÓN DE SERIE
Mención de serie México en la obra de Octavio Paz
Designación de volumen o secuencia 3
490 1# - MENCIÓN DE SERIE
Mención de serie Letras mexicanas
500 ## - NOTA GENERAL
Nota general Incluye referencias bibliográficas y notas al pie de las páginas.
650 #4 - PUNTO DE ACCESO ADICIONAL DE MATERIA--TÉRMINO DE MATERIA
Término de materia o nombre geográfico como elemento de entrada Arte mexicano
Subdivisión cronológica SIGLO XX
9 (RLIN) 68587
830 #0 - PUNTO DE ACCESO ADICIONAL DE SERIE-TÍTULO UNIFORME
Título uniforme México en la obra de Octavio Paz
Número de parte o sección de la obra 3
9 (RLIN) 68588
830 #0 - PUNTO DE ACCESO ADICIONAL DE SERIE-TÍTULO UNIFORME
Título uniforme Letras mexicanas
9 (RLIN) 14219
910 ## - DATOS DE OPCIÓN DEL USUARIO (OCLC)
Datos de opción del usuario Validado. Control de calidad MFF
Existencias
Estado de retiro Estado de pérdida Restricciones de uso No para préstamo Código de colección Localización permanente Ubicación/localización actual Ubicación en estantería Fecha de adquisición Número de inventario Total de préstamos Signatura topográfica completa Código de barras Fecha visto por última vez Precio válido a partir de Tipo de ítem Koha
      Excluido de préstamo Monografías: Libros y Folletos General General Depósito 16.10.2013 LF1   709.72 P348p 41741-10 25.06.2020 25.06.2020 No se presta

Con tecnología Koha